000 00371 a2200157 4500
001 75704
020 _a8516004198 (broch.)
040 _cAnchieta - Colégio São Paulo
100 _aAzevedo, Ricardo
240 1 0 _aDo outro lado da janela
_l
245 1 0 _aDo outro lado da janela
300 _a24 p.
362 0 _a1992
650 4 _aLiteratura juvenil
942 _cBK
999 _c75704
_d75704